000 00428nam a2200145Ia 4500
999 _c10438
_d10438
003 OSt
005 20220321132102.0
008 220318s9999 xx 000 0 und d
020 _a9780367397524
082 _a690.24
_bRIC
100 _aRichardson, Bill, 1955-
245 0 _aDefects and deterioration in buildings : a practical guide to the science and technology of material failure
260 _bRoutledge
_c1991
942 _2ddc